000 02268nam0a2200361 4500
001 RU\NLR\BIBL_A\012595793
005 20211026124138.0
010 _a978-5-16-016904-0
_bprint
010 _a978-5-16-109532-4
_bonline
021 _aRU
_bКН-П-21-031572
_9КН-П-21-2453
035 _a(NLR Aleph) 012595793
090 _a12566500
_c12566500
100 _a20210914d2021 u y0rusy50 ca
101 0 _arus
102 _aRU
105 _aa|||j|||000yy
181 0 _ai
_baxxe
182 0 _an
200 1 _aРазвитие осязания и мелкой моторики у детей с нарушениями зрения
_eучебно-методическое пособие
_eдля учебных заведений, реализующих программу среднего профессионального образования по специальности 44.02.04 "Специальное дошкольное образование"
_fЛ.Б. Осипова
203 _aТекст
_bвизуальный
_cнепосредственный
210 _aМосква
_cИНФРА-М
_d2021
215 _a246, [1] с.
_cил.
_d22
225 1 _aСреднее профессиональное образование
300 _aНа 4-й с. обл. авт.: Осипова Лариса Борисовна - канд. пед. наук, доц.
320 _aБиблиогр.: с. 64-76 (186 назв.), 193-199 (85 назв.)
606 1 _aДети с нарушением зрения
_jУчебные издания для среднего профессионального образования
_xРазвитие мелкой моторики
_92611581
_3RU\NLR\AUTH\661548139
606 1 _aДети с нарушением зрения
_jУчебные издания для среднего профессионального образования
_xРазвитие осязания
_92611582
_3RU\NLR\auth\661548140
686 1 _aЧ433.122.1я723
700 1 _7ca
_8rus
_aОсипова
_bЛ. Б.
_cканд. пед. наук
_gЛариса Борисовна
_978597
_3RU\NLR\AUTH\7795671
942 _cBOOK
980 _aNB